Statistics for Largest Cities in the World Beginning With 'Br'

Click here to take the quiz!

General Stats

  • This quiz has been taken 42 times
  • The average score is 11 of 22

Answer Stats

#PopulationCountryAnswer% Correct
13,975,000BrazilBrasilia
100%
32,750,000BelgiumBrussels
97%
23,350,000AustraliaBrisbane
95%
10478,040SlovakiaBratislava
89%
42,400,000Congo (Rep.)Brazzaville
89%
51,000,000GermanyBremen
79%
12398,510Czech RepublicBrno
71%
7826,332United KingdomBristol
63%
9580,136United KingdomBrighton
58%
15342,461BelarusBrest
55%
21203,750FranceBrest
55%
19237,589RomaniaBrasov
39%
17336,600United KingdomBradford
34%
16336,600GermanyBraunschweig
32%
11426,710United StatesBrownsville - Harlingen
26%
22198,688ItalyBrescia
24%
6951,558United StatesBridgeport - Stamford
24%
13379,152RussiaBryansk
24%
18277,658United StatesBremerton - Silverdale
5%
8779,075United StatesBradenton - Sarasota
3%
14356,598IndiaBrahmapur
0%
20224,071RussiaBratsk
0%

Score Distribution

Percentile by Number Answered

Percent of People with Each Score

Your Score History

You have not taken this quiz